000
00196 a2200097 4500
001
52552
100
_a
Thomas, R
245
_a
Celebration
260
_a
London
_b
Fontana
_c
090
_c
33039
_d
33039
942
_a
NUST-CAE
_c
M
_c
25602
999
_c
287625
_d
287625